[Event "VIE-ch U13 Girls"]
[Site "Hanoi"]
[Date "2022.06.11"]
[Round "1"]
[White "Nguyen, Huynh Tu Phuong"]
[Black "Nguyen, Thanh Ngoc Han"]
[Result "0-1"]
[WhiteElo "2133"]
[BlackElo "2150"]
[PlyCount "130"]
[EventDate "2022.06.11"]
[EventType "swiss"]
[EventRounds "9"]
[EventCountry "VIE"]
[SourceTitle "EXT 2023"]
[Source "ChessBase"]
[SourceDate "2022.10.05"]
[SourceVersion "1"]
[SourceVersionDate "2022.10.05"]
[SourceQuality "1"]

1. e4 e5 2. Nf3 Nc6 3. Bc4 Bc5 4. 0-0 h6 5. d3 Nf6 6. Nc3 d6 7. h3 0-0 8. Be3 Bb6 9. d4 exd4 10. Nxd4 Nxd4 11. Bxd4 Be6 12. Bb3 Re8 13. Re1 Nd7 14. Qd2 Bxd4 15. Qxd4 Qg5 16. Re3 Nf6 17. Nb5 Qxb5 18. Ba4 c5 19. Qxf6 Qxa4 20. Rg3 g6 21. Re1 Qd4 22. Qxd4 cxd4 23. Rd3 Rac8 24. Rc1 Rc6 25. Rxd4 Rec8 26. c3 Rb6 27. b3 Rbc6 28. Rd3 Kf8 29. f3 Ke7 30. Kf2 Rc5 31. Ke3 f5 32. Kd4 fxe4 33. fxe4 a5 34. c4 Rf8 35. Rc2 g5 36. Re2 a4 37. Rc3 Rf1 38. Rd2 Rb1 39. Rdc2 axb3 40. axb3 b5 41. Rd3 bxc4 42. bxc4 Re1 43. Rdd2 Kd7 44. Kd3 Kc6 45. Kd4 h5 46. Rc3 Re5 47. Re3 Rc1 48. Rde2 Rxc4+ 49. Kd3 Rcc5 50. Kd4 Rc4+ 51. Kd3 Rec5 52. Rd2 Rc3+ 53. Ke2 Rxe3+ 54. Kxe3 d5 55. exd5+ Rxd5 56. Rf2 Kd6 57. Ke4 Re5+ 58. Kd4 Rf5 59. Rb2 Rf4+ 60. Ke3 Bd5 61. Rb6+ Ke5 62. Rb2 g4 63. hxg4 Rxg4 64. Re2 Rxg2 65. Rxg2 Bxg2 0-1

[Event "VIE-chT (Women)"]
[Site "Ho Chi Minh City"]
[Date "2017.07.28"]
[Round "7.47"]
[White "Nguyen, Huynh Tu Phuong"]
[Black "Nguyen, Thi Nhac"]
[Result "0-1"]
[WhiteElo "1908"]
[BlackElo "1899"]
[PlyCount "106"]
[EventDate "2017.07.24"]
[EventType "team-swiss"]
[EventRounds "9"]
[EventCountry "VIE"]
[SourceTitle "EXT 2019"]
[Source "ChessBase"]
[SourceDate "2018.10.10"]
[SourceVersion "1"]
[SourceVersionDate "2018.10.10"]
[SourceQuality "1"]

1. e4 e5 2. Nf3 Nf6 3. d3 Nc6 4. c3 g6 5. Be3 Bg7 6. Qd2 d6 7. Bh6 0-0 8. Bxg7 Kxg7 9. h3 Be6 10. Be2 d5 11. Qc2 d4 12. c4 Nd7 13. Nbd2 Nb4 14. Qb3 a5 15. a3 Nc5 16. Qd1 Nbxd3+ 17. Bxd3 Nxd3+ 18. Ke2 Nf4+ 19. Kf1 Qd6 20. Qb3 b6 21. Qb5 f6 22. Qb3 Bd7 23. g3 Bxh3+ 24. Kg1 Bg2 25. Rh2 Bxf3 26. Nxf3 Ne6 27. Kg2 Nc5 28. Qa2 Nxe4 29. Rah1 Rh8 30. Qb1 Qc6 31. Rh3 Kg8 32. Nh4 Nd2+ 33. f3 Nxb1 34. Nxg6 Kg7 35. Nxh8 Rxh8 36. Rxb1 Qxc4 37. Rf1 Qe2+ 38. Rf2 Qe3 39. Rh1 d3 40. Rd1 Rd8 41. Rfd2 c5 42. b3 b5 43. g4 c4 44. bxc4 bxc4 45. a4 c3 46. Rf2 d2 47. Kg3 c2 48. Rh1 Qxf2+ 49. Kxf2 d1Q 50. Rxd1 cxd1Q 51. Kg3 Rd3 52. Kh4 Qh1+ 53. Kg3 Rxf3# 0-1

[Event "VIE-chT (Women)"]
[Site "Ho Chi Minh City"]
[Date "2017.07.24"]
[Round "2.34"]
[White "Nguyen, Huynh Tu Phuong"]
[Black "Nguyen, Ngoc Minh Chau"]
[Result "0-1"]
[WhiteElo "1908"]
[BlackElo "1467"]
[PlyCount "60"]
[EventDate "2017.07.24"]
[EventType "team-swiss"]
[EventRounds "9"]
[EventCountry "VIE"]
[SourceTitle "EXT 2019"]
[Source "ChessBase"]
[SourceDate "2018.10.10"]
[SourceVersion "1"]
[SourceVersionDate "2018.10.10"]
[SourceQuality "1"]

1. e4 c5 2. Nf3 e6 3. d4 cxd4 4. Nxd4 a6 5. Nc3 b5 6. a3 Bb7 7. Bd3 Qc7 8. Be3 Nf6 9. 0-0 Be7 10. Kh1 0-0 11. f4 d6 12. Qf3 Nbd7 13. Qg3 Nc5 14. f5 Bxe4 15. Bxe4 Ncxe4 16. Nxe4 Nxe4 17. Qf3 d5 18. Qh3 e5 19. Nf3 d4 20. Bf2 Qxc2 21. Bg3 Nxg3+ 22. Qxg3 Qc5 23. Nd2 Qd5 24. Rae1 b4 25. axb4 Bxb4 26. Ne4 Bxe1 27. Qh3 Qxe4 28. Rf3 Bf2 29. g4 Qe1+ 30. Kg2 Qg1# 0-1